Revista de derecho de daños 2016 - 3 : responsabilidad de los profesionales /
Guardado en:
| Formato: | Libro |
|---|---|
| Idioma: | Spanish |
| Publicado: |
Santa Fe :
Rubinzal-Culzoni,
2016
|
| Edición: | 1a. ed. |
| Materias: | |
| Etiquetas: |
Agregar Etiqueta
Sin Etiquetas, Sea el primero en etiquetar este registro!
|
| LEADER | 00659nam a22001815a 4500 | ||
|---|---|---|---|
| 001 | DER.der013305 | ||
| 008 | 180615s2016####ag#||||||||||||||#||spa|| | ||
| 005 | 20230607153532.0 | ||
| 245 | 1 | 0 | |a Revista de derecho de daños 2016 - 3 : |b responsabilidad de los profesionales / |c Mosset Iturraspe, Jorge. |
| 250 | |a 1a. ed. | ||
| 260 | |a Santa Fe : |b Rubinzal-Culzoni, |c 2016 | ||
| 020 | |a 978987301598 | ||
| 700 | 1 | |a Mosset Iturraspe, Jorge, |e dir. | |
| 700 | 1 | |a Lorenzetti, Ricardo Luis, |e dir. | |
| 650 | 7 | |a RESPONSABILIDAD DEL ABOGADO | |
| 650 | 7 | |a RESPONSABILIDAD CIVIL DE LOS MEDICOS | |
| 650 | 7 | |a RESPONSABILIDAD DE LOS CONTADORES | |
| 859 | |a DERECHO |b BIB. DERECHO |h 346 |i REV |p 008237 | ||
